Score 0/20 Timer 04:00
0 Plays Today
Question Answer Wrong Answers
Who is this? Lockjaw
66%
Bite Force
12.8%
Chomper
8.5%
Slasher
6.4%
Who is this? Minotaur
57.4%
Centaur
12.8%
Bullrush
4.3%
Yeti
2.1%
Who is this? Captain Shredderator
57.4%
Captain America
27.7%
Stars and Stripes
8.5%
Old Gory
4.3%
Who is this? Tombstone
55.3%
Archangel
6.4%
Death Stalker
8.5%
Grim Reaper
6.4%
Who is this? Bronco
55.3%
Flipper
12.8%
The Beast
21.3%
Hellspawn
8.5%
Who is this? Witch Doctor
55.3%
Shaman
4.3%
Big Bad Voodoo Daddy
14.9%
Big Sleazy
4.3%
Who is this? Ribbot
53.2%
Frogger
10.6%
Kermit
2.1%
Ampibious
2.1%
Who is this? Yeti
53.2%
Bite Force
4.3%
Minotaur
4.3%
Arctic Freeze
14.9%
Who is this? Hydra
53.2%
Bronco
0%
Medusa
12.8%
Legend
2.1%
Who is this? Bite Force
51.1%
Yeti
2.1%
Whiplash
17%
Chomper
27.7%
Who is this? Warhead
51.1%
Bombshell
8.5%
Atomic Baby
8.5%
Nuclear Winter
6.4%
Who is this? Free Shipping
48.9%
Forklift
12.8%
Stockboy
2.1%
King of Crates
6.4%
Who is this? Duck
48.9%
Goose
10.6%
Quacker
4.3%
Birdo
4.3%
Who is this? Saw Blaze
48.9%
Warrior King
6.4%
Leprechaun
2.1%
Irish Assassin
10.6%
Who is this? Mega Tento
46.8%
Lady Slug
27.7%
Cutie Killa
10.6%
Big Bad Bugger
12.8%
Who is this? Son of Whyachi
46.8%
Captain Shredderator
2.1%
Revolver
4.3%
Tornado
14.9%
Who is this? Deathroll
44.7%
Croc Hunter
17%
Bayou
2.1%
Gator
6.4%
Who is this? Whiplash
44.7%
Bronco
8.5%
Hydra
8.5%
Lockjaw
6.4%
Who is this? Huge
42.6%
Wheelie
21.3%
Conestoga
0%
Ol Blue Eyes
4.3%
Who is this? Rail Gun Max
42.6%
Minotaur
0%
Fortune Cookie
8.5%
Red Dragon
23.4%

You're not logged in!

Compare scores with friends on all Sporcle quizzes.
OR
Log In

Sporcle TV

Today on Sporcle TV


Watch our educational content, quiz creation guides, and fun videos on Sporcle TV.

Show Comments

Extras

Top Quizzes Today


Score Distribution

Paid Content

Your Account Isn't Verified!

In order to create a playlist on Sporcle, you need to verify the email address you used during registration. Go to your Sporcle Settings to finish the process.

Report this User

Report this user for behavior that violates our Community Guidelines.

Details: